Nanga aadme / (Record no. 12801)

000 -LEADER
fixed length control field 00453nam a2200181 4500
008 - FIXED-LENGTH DATA ELEMENTS--GENERAL INFORMATION
fixed length control field 210607b ||||| |||| 00| 1 hin d
020 ## - INTERNATIONAL STANDARD BOOK NUMBER
Terms of availability Rs.40.00
041 0# - LANGUAGE CODE
Language code of text/sound track or separate title hin
082 00 - DEWEY DECIMAL CLASSIFICATION NUMBER
Classification number 891.43
Item number S5313
100 ## - MAIN ENTRY--PERSONAL NAME
9 (RLIN) 5018
Personal name Sharma, Yogeshwar
245 10 - TITLE STATEMENT
Title Nanga aadme /
250 ## - EDITION STATEMENT
Edition statement 1st ed.
260 ## - PUBLICATION, DISTRIBUTION, ETC. (IMPRINT)
Place of publication, distribution, etc Haryana :
Name of publisher, distributor, etc Adhaar prakashan,
Date of publication, distribution, etc 1991.
300 ## - PHYSICAL DESCRIPTION
Extent 120 p.
365 ## - TRADE PRICE
Price amount INR 40.00
650 #0 - SUBJECT ADDED ENTRY--TOPICAL TERM
Topical term or geographic name as entry element Hindi fiction
942 ## - ADDED ENTRY ELEMENTS (KOHA)
Source of classification or shelving scheme
Item type Books
Holdings
Withdrawn status Lost status Source of classification or shelving scheme Damaged status Not for loan Permanent location Current location Date acquired Full call number Barcode Date last seen Koha item type
          IMU Kolkata IMU Kolkata 2021-06-07 891.43 S5313 08685 2021-06-07 Books
Designed and Maintained by IMU-KC Library, Kolkata Campus © Copyright All Rights Reserved

webs counters

Powered by Koha